000
00280nam a2200109Ia 4500
008
220120s9999||||xx |||||||||||||| ||und||
082
_a
005.74 GUR
100
_a
Guruprasad, N
_9
3398
245
0
_a
Dat Stracture Uising C
260
_a
Scitech
_b
New Delhi
_c
2003
300
_a
389p.
_b
180
999
_c
136345
_d
136345